Study guide to accompany McConnel and Brue Microeconomics (Record no. 346079)
[ view plain ]
| 000 -LEADER | |
|---|---|
| fixed length control field | 00454nam a22001457a 4500 |
| 020 ## - INTERNATIONAL STANDARD BOOK NUMBER | |
| International Standard Book Number | 0072898380 |
| 082 ## - DEWEY DECIMAL CLASSIFICATION NUMBER | |
| Classification number | 330 |
| 100 ## - MAIN ENTRY--PERSONAL NAME | |
| Personal name | William B. Walstad |
| 245 ## - TITLE STATEMENT | |
| Title | Study guide to accompany McConnel and Brue Microeconomics |
| 250 ## - EDITION STATEMENT | |
| Edition statement | 14th ed |
| 260 ## - PUBLICATION, DISTRIBUTION, ETC. | |
| Place of publication, distribution, etc. | Boston |
| Name of publisher, distributor, etc. | McGraw-Hill |
| Date of publication, distribution, etc. | 1999 |
| 300 ## - PHYSICAL DESCRIPTION | |
| Extent | 335p |
| 942 ## - ADDED ENTRY ELEMENTS (KOHA) | |
| Koha item type | Book |
| Withdrawn status | Lost status | Damaged status | Not for loan | Permanent Location | Current Location | Date acquired | Total Checkouts | Total Renewals | Full call number | Barcode | Date last seen | Date last checked out | Price effective from | Koha item type |
|---|---|---|---|---|---|---|---|---|---|---|---|---|---|---|
| Central Library (CL) | Central Library (CL) | 08/28/2013 | 9 | 3 | 338.5 WAL | NBS4905 | 09/21/2021 | 06/01/2021 | 08/28/2013 | Book |
